000 00793ngm a2200253 a 4500
005 20180803165153.0
008 140123b2001 ck ||||| |||| 00| 0 spa d
040 _aCO-BoIAVH
_cCO-BoIAVH
041 _aspa
090 _aAV
_b00313
110 _bInstituto de Investigación de Recursos Biológicos Alexander von Humboldt
_bUnidad de Producción Audiovisual
_980051
245 _aGema Kofanes
_bcaminos del yagé
257 _aColombia
300 _a12:39 min.
650 _aComunidad Kofán
_94467
650 _aComunidades indígenas
_980052
650 _aPlantas medicinales
_980053
650 _aConocimiento tradicional
_992244
650 _aYagé
_94833
650 _aPlantas alucinógenas
_94834
710 _aFundación ZIO-A'I
_95013
942 _cDVD
_2z
_02
945 _d2004-11-03
999 _c4240
_d4240